[Event "Ch Spain \"]
[Site "masterchessopen.com - Calpe (Spain)"]
[Date "2004.11.23"]
[Round "3"]
[White "Rousse Mayol Ricard (ESP)"]
[Black "Fernandez Lago David (ESP)"]
[Result "1-0"]
[WhiteElo "2062"]
[BlackElo "1956"]

1.Nf3 f5 2.g3 Nf6 3.d4 g6 4.c4 Bg7 5.Bg2 O-O 6.Nc3 d6 7.O-O c6 8.Re1 Qe8 9.e4
fxe4 10.Nxe4 Nxe4 11.Rxe4 Qf7 12.Qe2 Bf6 13.Bg5 Bf5 14.Re3 Bg4 15.Bxf6 Qxf6
16.Re1 e5 17.dxe5 dxe5 18.h3 Bxf3 19.Rxf3 Qe6 20.Rxf8+ Kxf8 21.Bf3 Na6 22.Bg4
Qe8 23.Qf3+ Kg8 24.Qf6 {#r} 1-0

[Event "Cup Mecklenburg-Vorpommern (1/2 final)"]
[Site "masterchessopen.com - Mecklenburg-Vorpommern (Germany)"]
[Date "2004.12.04"]
[Round "4"]
[White "Lossin Sven-Hendrik (GER)"]
[Black "Jung Werner"]
[Result "1-0"]
[WhiteElo "2064"]
[BlackElo "1896"]

1.d4 f5 2.g3 g6 3.Bg2 Nf6 4.c4 Bg7 5.Nf3 O-O 6.O-O d6 7.Nc3 c6 8.d5 e5 9.dxe6
Bxe6 10.Qd3 Na6 11.Bf4 Ne8 12.b3 Bf7 13.Rad1 Nc5 14.Qc2 Ne6 15.Bc1 Qa5 16.Bb2
Rd8 17.Rd2 a6 18.Na4 Bxb2 19.Qxb2 d5 20.Qe5 b5 21.Nc3 bxc4 22.bxc4 Nd6 23.Rxd5
cxd5 24.Nxd5 Qc7 25.Nf6+ Kh8 26.Ne8+ Kg8 27.Nxc7 Nxc7 28.c5 Rfe8 29.cxd6 Rxe5
30.dxc7 {#r} 1-0

[Event "Ch Ukraine (juniors) (under 18) (1/2 final)"]
[Site "masterchessopen.com - Simferopol (Ukraine)"]
[Date "2004.12.13"]
[Round "3"]
[White "Tishin D (UKR)"]
[Black "Pasko Alexander (UKR)"]
[Result "1-0"]
[WhiteElo "2341"]
[BlackElo "2302"]

1.d4 f5 2.g3 Nf6 3.Bg2 g6 4.c4 Bg7 5.Nf3 O-O 6.O-O d6 7.Nc3 c6 8.Re1 Ne4 9.Qc2
Nxc3 10.bxc3 e5 11.e4 Qa5 12.exf5 Bxf5 13.Qb3 e4 14.Nd2 d5 15.cxd5 cxd5
16.Nxe4 Nd7 17.Ba3 Rfe8 18.Nd6 Rxe1+ 19.Rxe1 Nb6 20.Nxb7 Qa4 21.Bxd5+ Kh8
22.Qxa4 Nxa4 23.Nc5 {#r} 1-0

[Event "It (open)"]
[Site "masterchessopen.com - Zadar (Croatia)"]
[Date "2004.12.13"]
[Round "1"]
[White "Feletar Darko (CRO)"]
[Black "Vranjic Marko (CRO)"]
[Result "1-0"]
[WhiteElo "2402"]
[BlackElo "1805"]

1.Nf3 f5 2.g3 Nf6 3.Bg2 g6 4.c4 Bg7 5.Nc3 d6 6.d4 c6 7.O-O O-O 8.d5 c5 9.Rb1
Na6 10.Bd2 Nc7 11.a4 Nce8 12.Qc2 Nh5 13.b4 f4 14.Ng5 b6 15.bxc5 bxc5 16.Ne6
Bxe6 17.dxe6 Rb8 18.Rxb8 Qxb8 19.Rb1 Qc8 20.Nb5 fxg3 21.hxg3 Nef6 22.Nxa7 Qxe6
23.Qd3 Qg4 24.a5 Nd7 25.Nc6 Ne5 26.Nxe5 Bxe5 27.Qe4 Qe6 28.Qd5 Qxd5 29.Bxd5+
Kg7 30.a6 Bd4 31.e3 {#r} 1-0

[Event "Ch France (team) (nat.1) 2004/05"]
[Site "masterchessopen.com - France"]
[Date "2005.02.06"]
[Round "3"]
[White "Legky Nikolay A (UKR)"]
[Black "Radulov Ivan (BUL)"]
[Result "1-0"]
[WhiteElo "2453"]
[BlackElo "2359"]

1.d4 d6 2.Nf3 g6 3.c4 Bg7 4.Nc3 f5 5.g3 Nf6 6.Bg2 O-O 7.O-O c6 8.d5 e5 9.dxe6
Bxe6 10.Qd3 Qe7 11.Bf4 d5 12.Ng5 dxc4 13.Qe3 Re8 14.Nb5 Na6 15.Nd6 Nd5 16.Bxd5
Bxd5 17.Nxe8 Rxe8 18.Rab1 h6 19.Nf3 Qd7 20.Qd2 g5 21.Be3 f4 22.Bxa7 Qh3
23.Rbd1 g4 24.Nh4 Be5 25.Qc2 Bg7 26.Bd4 {#r} 1-0

[Event "It (open) \"]
[Site "masterchessopen.com - Moscow (Russia)"]
[Date "2005.02.17"]
[Round "3"]
[White "Maletin Pavel (RUS)"]
[Black "Gurevich Dmitry (USA)"]
[Result "0-1"]
[WhiteElo "2516"]
[BlackElo "2507"]

1.Nf3 f5 2.g3 Nf6 3.Bg2 d6 4.d4 g6 5.O-O Bg7 6.c4 O-O 7.Nc3 c6 8.d5 e5 9.e4
cxd5 10.cxd5 Na6 11.exf5 gxf5 12.Nd2 Bd7 13.Qb3 Nc5 14.Qc2 Rc8 15.Nc4 Nce4
16.Nxe4 Nxe4 17.Bxe4 fxe4 18.Qxe4 Bh3 19.Bd2 Qf6 20.b3 b5 21.Ne3 Bxf1 22.Rxf1
Qf3 23.Qxf3 Rxf3 24.Bb4 Bh6 25.Kg2 Rf6 26.Ng4 Rg6 27.h3 Bc1 28.f4 exf4 29.gxf4
h5 30.f5 Rg5 31.f6 Kf7 {#R} 0-1

[Event "Ch Croatia (juniors) (team) (under 20)"]
[Site "masterchessopen.com - Sv. Filip i Jakov (Croatia)"]
[Date "2005.03.03"]
[Round "7"]
[White "Pavic Jakov (CRO)"]
[Black "Kovacic Franjo (CRO)"]
[Result "1-0"]
[WhiteElo "2085"]
[BlackElo "1815"]

1.d4 f5 2.c4 Nf6 3.Nf3 g6 4.g3 Bg7 5.Bg2 d6 6.O-O O-O 7.Nc3 c6 8.b4 Be6 9.Qd3
Na6 10.Rb1 f4 11.Nh4 fxg3 12.fxg3 Bf7 13.b5 cxb5 14.cxb5 Nc7 15.Bxb7 Rb8
16.Bc6 d5 17.Nf3 Qc8 18.Ne5 Qh3 19.Ba3 Ng4 20.Nxg4 Qxg4 21.e3 Qe6 22.Na4 Bf6
23.Nc5 Qc8 24.Nd7 Ne6 25.Nxf8 Kxf8 26.Rxf6 Nd8 27.Rbf1 {#r} 1-0

[Event "Ch European Union"]
[Site "masterchessopen.com - Cork (Ireland)"]
[Date "2005.03.24"]
[Round "3"]
[White "Hitzler Philipp (GER)"]
[Black "Cmilyte Viktorija (LTU)"]
[Result "0-1"]
[WhiteElo "2215"]
[BlackElo "2480"]

1.d4 f5 2.g3 Nf6 3.Bg2 g6 4.Nf3 Bg7 5.O-O O-O 6.c4 d6 7.Nc3 c6 8.b4 Qe8 9.Rb1
e5 10.e3 e4 11.Nd2 Be6 12.b5 c5 13.b6 a6 14.dxc5 dxc5 15.Na4 Nbd7 16.Qc2 Ng4
17.Nb3 Rc8 18.Na5 g5 19.f3 exf3 20.Bxf3 f4 21.exf4 Bf5 22.Qb3 Bd4+ 23.Kg2 Nxh2
24.Bb2 Nxf3 25.Rxf3 Qe2+ {#R} 0-1

[Event "Bayern Regionalliga Southeast 2004/05"]
[Site "masterchessopen.com - Bayern (Germany)"]
[Date "2005.04.10"]
[Round "9"]
[White "Maier Josef (AUT)"]
[Black "Gschwendtner Klaus (GER)"]
[Result "1-0"]
[WhiteElo "1854"]
[BlackElo "2122"]

1.g3 f5 2.Nf3 Nf6 3.c4 d6 4.d4 g6 5.Bg2 Bg7 6.O-O O-O 7.Nc3 c6 8.d5 e5 9.dxe6
Bxe6 10.Qd3 Na6 11.Ng5 Bc8 12.Rd1 Ne8 13.a3 Nc5 14.Qc2 a5 15.Be3 Ne6 16.Nh3 g5
17.f4 h6 18.Qd2 Bf6 19.fxg5 hxg5 20.Rf1 Nc5 21.Rad1 Qe7 22.Bxg5 Nb3 23.Bxf6
Rxf6 24.Qg5+ Ng7 25.e4 Be6 26.exf5 Bxc4 27.Rfe1 Qf8 28.g4 Nc5 29.Nf4 Ne6
30.Nxe6 Bxe6 31.Ne4 {#r} 1-0

[Event "It (open)"]
[Site "masterchessopen.com - Ostrava (Czech Republic)"]
[Date "2005.05.01"]
[Round "2"]
[White "Cvek Robert (CZE)"]
[Black "Bures Martin (CZE)"]
[Result "1-0"]
[WhiteElo "2483"]
[BlackElo "2190"]

1.Nf3 d6 2.d4 f5 3.g3 g6 4.Bg2 Nf6 5.c4 Bg7 6.Nc3 O-O 7.O-O c6 8.d5 e5 9.dxe6
Bxe6 10.b3 Ne4 11.Nxe4 Bxa1 12.Nxd6 Bg7 13.Nxb7 Qe7 14.Ng5 Bxc4 15.bxc4 Qxb7
16.Ne6 Rc8 17.Nxg7 Qxg7 18.Qd2 Nd7 19.Bxc6 {#r} 1-0

[Event "It (open)"]
[Site "masterchessopen.com - Bargteheide (Germany)"]
[Date "2005.05.07"]
[Round "4"]
[White "Regert Christian (GER)"]
[Black "Haerig Wilfried (GER)"]
[Result "0-1"]
[WhiteElo "2160"]
[BlackElo "2087"]

1.c4 f5 2.d4 Nf6 3.g3 g6 4.Bg2 Bg7 5.Nf3 O-O 6.O-O d6 7.Nc3 c6 8.d5 e5 9.Bg5
h6 10.Bxf6 Qxf6 11.e4 f4 12.Nd2 h5 13.h3 Bh6 14.Ncb1 Na6 15.a3 Bd7 16.g4 hxg4
17.hxg4 Qh4 18.f3 Qd8 19.Rf2 Qb6 20.Qb3 Qe3 21.Kf1 Nc5 22.Qc3 cxd5 23.exd5 e4
24.Nxe4 Nxe4 25.fxe4 Bxg4 26.Nd2 Bg7 27.e5 Bxe5 28.Qc2 Bf5 29.Be4 Bd4 30.Rg2
Bh3 31.Nf3 Rac8 32.Re1 Rxc4 {#R} 0-1

[Event "It (open)"]
[Site "masterchessopen.com - Bargteheide (Germany)"]
[Date "2005.05.08"]
[Round "6"]
[White "Becker Thomas (GER)"]
[Black "Putzbach Gerd (GER)"]
[Result "1-0"]
[WhiteElo "2187"]
[BlackElo "2262"]

1.d4 f5 2.g3 g6 3.Bg2 Nf6 4.Nf3 Bg7 5.O-O O-O 6.c4 d6 7.Nc3 c6 8.d5 e5 9.e4 f4
10.gxf4 exf4 11.dxc6 bxc6 12.e5 dxe5 13.Qxd8 Rxd8 14.Nxe5 Bb7 15.Bxf4 Nh5
16.Bg5 Re8 17.Nd3 Bxc3 18.bxc3 Ba6 19.Rfe1 Rxe1+ 20.Rxe1 Bxc4 21.Re8+ Kf7
22.Re7+ Kf8 23.Ne5 Bxa2 24.Rxh7 Kg8 25.Rc7 Na6 26.Rxc6 Re8 27.Rxg6+ Kh7
28.Rh6+ Kg8 29.f4 {#r} 1-0

[Event "Tournament"]
[Site "masterchessopen.com - Polko (Poland)"]
[Date "2005.06.26"]
[Round "3"]
[White "Wesolowska Magdalena (POL)"]
[Black "Jozwicki Jakub (POL)"]
[Result "0-1"]
[WhiteElo "2051"]
[BlackElo "2152"]

1.d4 f5 2.c4 Nf6 3.g3 g6 4.Bg2 Bg7 5.Nf3 d6 6.Nc3 O-O 7.O-O c6 8.Rb1 a5 9.a3
Na6 10.b4 Ne4 11.Nxe4 fxe4 12.Ng5 d5 13.b5 Nc7 14.b6 Ne8 15.c5 h6 16.Nh3 Bf5
17.e3 Qd7 18.Nf4 g5 19.Ne2 Bg4 20.Qe1 Bf3 21.Bd2 h5 22.Nc1 Nf6 23.Bxa5 h4
24.Bb4 Kf7 25.Nd3 Ng4 26.Nc1 Nxh2 27.Kxh2 Rh8 28.Kg1 Qg4 29.Kh2 hxg3+ 30.Kg1
Qh4 {#R} 0-1

[Event "Ch Netherlands (open)"]
[Site "masterchessopen.com - Dieren (Netherlands)"]
[Date "2005.08.02"]
[Round "7"]
[White "Halay Taufik (INA)"]
[Black "Nijboer Friso (NED)"]
[Result "0-1"]
[WhiteElo "2369"]
[BlackElo "2545"]

1.d4 f5 2.c4 Nf6 3.Nc3 d6 4.g3 g6 5.Bg2 Bg7 6.Nf3 O-O 7.O-O c6 8.Re1 Na6 9.e4
Nxe4 10.Nxe4 fxe4 11.Rxe4 e5 12.Bg5 Qc7 13.Re1 Bg4 14.dxe5 dxe5 15.Qe2 Rf5
16.Qe3 Raf8 17.Nh4 Rxf2 18.Bh6 Bxh6 19.Qxh6 Nb4 20.Qg5 Be2 21.Be4 Bd3 22.Nxg6
hxg6 23.Qxg6+ Qg7 24.Bxd3 Nxd3 25.Qxd3 Qh6 26.h4 R2f3 27.Qxf3 Rxf3 28.Kg2 Qf6
29.Re2 Qf5 30.Rg1 e4 31.g4 Qf4 {#R} 0-1

[Event "Ch Spain (team) (Premier North)"]
[Site "masterchessopen.com - Barcelona (Spain)"]
[Date "2005.08.12"]
[Round "2"]
[White "Fernandez Molina Victor M (ESP)"]
[Black "Paredes Cordo Jacobo Borja (ESP)"]
[Result "0-1"]
[WhiteElo "1929"]
[BlackElo "2177"]

1.d4 f5 2.c4 Nf6 3.Nc3 d6 4.Nf3 g6 5.g3 Bg7 6.Bg2 O-O 7.O-O c6 8.Qc2 Qc7 9.b3
a5 10.Bb2 Na6 11.a3 e5 12.dxe5 dxe5 13.Na4 Ne4 14.Rfd1 Nac5 15.Nxc5 Nxc5
16.Nd2 f4 17.b4 Bf5 18.Qc3 Na4 19.Qb3 Nxb2 20.c5+ Qf7 21.Qxb2 e4 {#R} 0-1

[Event "Ch France (team) (nat.2) 2005/06"]
[Site "masterchessopen.com - France"]
[Date "2005.10.16"]
[Round "1"]
[White "Heinis Vincent (FRA)"]
[Black "San Marco Bruno (FRA)"]
[Result "1-0"]
[WhiteElo "2184"]
[BlackElo "2241"]

1.d4 d6 2.c4 f5 3.g3 Nf6 4.Bg2 g6 5.Nc3 Bg7 6.Nf3 O-O 7.O-O c6 8.b3 e5 9.dxe5
dxe5 10.Ba3 Qxd1 11.Raxd1 Re8 12.e4 Na6 13.Bh3 b5 14.cxb5 cxb5 15.Nxb5 Nxe4
16.Nd2 Nxd2 17.Rxd2 Bb7 18.Nd6 Red8 19.Rfd1 Bf3 20.Bf1 Bf8 21.Bc4+ Kg7
22.Nxf5+ gxf5 23.Rxd8 Rxd8 24.Rxd8 Bxa3 25.Rd7+ Kg6 26.Rxa7 {#r} 1-0

[Event "Czech League 2005/06 (krajsky prebor)"]
[Site "masterchessopen.com - Czech Republic"]
[Date "2005.10.23"]
[Round "0"]
[White "Pesa Ladislav (CZE)"]
[Black "Kalendovsk Jan (CZE)"]
[Result "0-1"]
[WhiteElo "1973"]
[BlackElo "2125"]

1.Nf3 g6 2.c4 f5 3.d4 Nf6 4.Nc3 Bg7 5.g3 O-O 6.Bg2 d6 7.O-O c6 8.Qc2 Na6 9.a3
Nc7 10.b3 Qe8 11.Bb2 h6 12.e3 g5 13.Rad1 Qh5 14.d5 c5 15.Ne1 Bd7 16.Qe2 Qxe2
17.Nxe2 b5 18.Nd3 Rab8 19.Rb1 Rb6 20.Bc3 Ra6 21.Ra1 Rb8 22.Rfb1 Kf7 23.h3 bxc4
24.bxc4 Rxb1+ 25.Rxb1 Rxa3 26.Bxf6 Bxf6 27.Rb7 Rxd3 28.Rxc7 Ba4 29.Rxa7 Bb3
30.e4 Bxc4 31.Ra4 Rd1+ {#R} 0-1

[Event "It (open) (b)"]
[Site "masterchessopen.com - Benidorm (Spain)"]
[Date "2005.11.12"]
[Round "2"]
[White "Selva Salvador Antonio (ESP)"]
[Black "Romero Jaime Pedro (ESP)"]
[Result "1-0"]
[WhiteElo "1991"]
[BlackElo "1823"]

1.c4 f5 2.Nc3 Nf6 3.Nf3 d6 4.d4 g6 5.g3 Bg7 6.Bg2 O-O 7.O-O c6 8.Qc2 Qc7 9.e4
e5 10.dxe5 dxe5 11.Re1 f4 12.b4 fxg3 13.hxg3 Nh5 14.Be3 Bg4 15.Nh2 Be6 16.c5
a6 17.Rad1 Qf7 18.Rd6 Nd7 19.Red1 Rad8 20.Na4 Bxa2 21.Qd2 Be6 22.Nb6 Nhf6
23.Bg5 Ne8 24.Rxe6 Nxb6 25.Qxd8 Qxf2+ 26.Kh1 Qxg3 27.Rxe8 Nc4 28.Rxf8+ Bxf8
29.Rf1 {#r} 1-0

[Event "Ch Ukraine (juniors) (under 18) (1/2 final)"]
[Site "masterchessopen.com - Dnepropetrovsk (Ukraine)"]
[Round "2"]
[White "Omelja Artem (UKR)"]
[Black "Pasko Alexander (UKR)"]
[Result "0-1"]
[WhiteElo "2192"]
[BlackElo "2406"]

1.d4 f5 2.g3 Nf6 3.Bg2 g6 4.c4 Bg7 5.Nc3 O-O 6.Nf3 d6 7.O-O c6 8.Re1 Qc7 9.e4
fxe4 10.Nxe4 Nxe4 11.Rxe4 e5 12.dxe5 dxe5 13.Re1 Bg4 14.h3 Bxf3 15.Bxf3 Qf7
16.Kg2 Qxc4 17.Qb3 Qxb3 18.axb3 Nd7 19.b4 a6 20.Bg4 Nb6 21.Be6+ Kh8 22.Ra5
Rad8 23.h4 Nd5 24.h5 gxh5 25.Rh1 Nxb4 26.Rxh5 Rd6 27.Bf5 h6 28.f4 Rd1 29.Be3
Nd5 30.Kf3 exf4 31.Bxf4 Rf1+ {#R} 0-1

[Event "Ch France (team) (nat.2) 2005/06"]
[Site "masterchessopen.com - France"]
[Date "2005.12.04"]
[Round "4"]
[White "Hulin Jerome (FRA)"]
[Black "San Marco Bruno (FRA)"]
[Result "0-1"]
[WhiteElo "2016"]
[BlackElo "2241"]

1.d4 d6 2.c4 f5 3.Nf3 Nf6 4.Nc3 g6 5.g3 Bg7 6.Bg2 O-O 7.O-O c6 8.b3 Na6 9.Bb2
Bd7 10.e3 b5 11.cxb5 cxb5 12.b4 e6 13.Qb3 Nc7 14.Rac1 Rb8 15.Ne1 a5 16.Nd3 a4
17.Qd1 Na8 18.e4 fxe4 19.Nxe4 Nxe4 20.Bxe4 Nb6 21.Nf4 Nc4 22.Ba1 Bh6 23.Ng2
Nd2 24.Qe2 Nxe4 25.Qxe4 Bxc1 26.Rxc1 Qf6 27.Rf1 Rbc8 28.Ne3 Qf3 29.Qh4 Rc1
30.Qh3 Qxf2+ {#R} 0-1

[Event "Ch Mittelfranken (team) (B2a) 2005/06"]
[Site "masterchessopen.com - Germany"]
[Date "2005.12.04"]
[Round "3"]
[White "Dereser Marc"]
[Black "Albrecht Thorsten"]
[Result "0-1"]
[WhiteElo "1851"]
[BlackElo "1964"]

1.d4 f5 2.c4 Nf6 3.Nc3 g6 4.g3 Bg7 5.Bg2 O-O 6.Nf3 d6 7.O-O c6 8.Qc2 Qe8 9.e4
e5 10.dxe5 dxe5 11.exf5 gxf5 12.Re1 e4 13.Nh4 Qf7 14.b3 Be6 15.Bb2 Ng4 16.Na4
Nd7 17.Rad1 Nge5 18.Re2 Bf6 19.f4 Nd3 20.Bxf6 Qxf6 21.Rxd3 exd3 22.Qxd3 Rad8
23.Qe3 Rfe8 24.Qxa7 Bf7 25.Rf2 b5 26.cxb5 cxb5 27.Bc6 Qxc6 {#R} 0-1

[Event "It (open)"]
[Site "masterchessopen.com - Bad Zwesten (Germany)"]
[Round "2"]
[White "Franke Thomas (GER)"]
[Black "Graf Alexander (GER)"]
[Result "0-1"]
[WhiteElo "2196"]
[BlackElo "2601"]

1.d4 f5 2.g3 Nf6 3.Bg2 d6 4.Nf3 g6 5.O-O Bg7 6.c4 O-O 7.Nc3 c6 8.b3 Qa5 9.Bd2
e5 10.c5 exd4 11.Ne4 Qd8 12.Nxd6 Ne4 13.Bf4 Na6 14.Rc1 Naxc5 15.Nxd4 Bxd4
16.Qxd4 Ne6 17.Qe5 Nxf4 18.Bxe4 Nxe2+ 19.Kg2 fxe4 20.Rcd1 Bg4 21.Nf7 Bf3+ {#R}
0-1

[Event "Bundesliga B West 2005/06"]
[Site "masterchessopen.com - Austria"]
[Date "2006.01.20"]
[Round "6"]
[White "Leeb Hans-Peter (GER)"]
[Black "Hager Franz (AUT)"]
[Result "0-1"]
[WhiteElo "2123"]
[BlackElo "2239"]

1.c4 f5 2.Nf3 Nf6 3.g3 g6 4.Bg2 Bg7 5.O-O O-O 6.d4 d6 7.Nc3 c6 8.b3 Qc7 9.Ba3
a5 10.Rc1 Na6 11.d5 Rb8 12.Nd4 Nb4 13.Qd2 Bd7 14.e4 fxe4 15.Nxe4 Nxe4 16.Bxe4
cxd5 17.cxd5 Qb6 18.Ne6 Bxe6 19.dxe6 Rbc8 20.Rxc8 Rxc8 21.Rc1 Rf8 22.Bxb4 axb4
23.Rc2 Rxf2 24.Qxf2 Bd4 25.Kg2 Bxf2 26.Rxf2 Qe3 27.Bxb7 Qxe6 28.Rd2 Qe3 29.Rf2
e6 30.Bf3 Qd4 31.h3 h5 {#R} 0-1

[Event "Bundesliga B Mitte 2005/06"]
[Site "masterchessopen.com - Austria"]
[Date "2006.02.04"]
[Round "6"]
[White "Heimberger Reinhard (AUT)"]
[Black "Rolletschek Heinrich (AUT)"]
[Result "1-0"]
[WhiteElo "2273"]
[BlackElo "2265"]

1.d4 f5 2.g3 Nf6 3.Bg2 g6 4.c4 Bg7 5.Nc3 d6 6.Nf3 c6 7.O-O O-O 8.Re1 Na6 9.Bg5
h6 10.Bxf6 Rxf6 11.e4 Rf7 12.Nh4 Kh7 13.exf5 g5 14.Be4 gxh4 15.f6+ Kg8 16.fxg7
e6 17.Qd2 Kxg7 18.Rad1 Bd7 19.Bb1 hxg3 20.hxg3 Qe7 21.Re4 Rh8 22.Rg4+ Kf8
23.Rg6 Rfh7 24.Ne4 e5 25.dxe5 Qxe5 26.Rxd6 Bf5 27.Rf6+ Ke7 28.f4 {#r} 1-0

[Event "Ch Vietnam (Super Team)"]
[Site "masterchessopen.com - Vung Tau (Vietnam)"]
[Date "2006.03.04"]
[Round "3"]
[White "Hoang Canh Huan (VIE)"]
[Black "Bao Khoa (VIE)"]
[Result "1-0"]
[WhiteElo "2302"]
[BlackElo "2142"]

1.c4 f5 2.d4 Nf6 3.g3 g6 4.Bg2 Bg7 5.Nc3 c6 6.Nf3 O-O 7.O-O d6 8.d5 e5 9.dxe6
Bxe6 10.Qd3 Na6 11.Ng5 Qe7 12.Bf4 Rfd8 13.Rad1 d5 14.Nxe6 Qxe6 15.cxd5 cxd5
16.Nxd5 Nb4 17.Nxf6+ Bxf6 18.Qb5 Rxd1 19.Rxd1 Qb6 20.Qc4+ Kh8 21.Rd6 {#r} 1-0

[Event "Ch Lithuania"]
[Site "masterchessopen.com - Vilnius (Lithuania)"]
[Date "2006.03.24"]
[Round "9"]
[White "Butnorius Algimantas (LTU)"]
[Black "Asauskas Henrikas (LTU)"]
[Result "1-0"]
[WhiteElo "2397"]
[BlackElo "2263"]

1.d4 f5 2.Nf3 Nf6 3.g3 g6 4.Bg2 Bg7 5.O-O O-O 6.c4 d6 7.Nc3 c6 8.b3 Ne4 9.Bb2
Nxc3 10.Bxc3 Qc7 11.Qc2 e5 12.dxe5 dxe5 13.e4 f4 14.Qb2 Re8 15.b4 Bg4 16.c5
Na6 17.Ng5 h6 18.Qb3+ Kh8 19.Bf3 Bxf3 20.Nxf3 g5 21.Rad1 Re7 22.Rd6 Rae8
23.Rfd1 Nb8 24.gxf4 gxf4 25.Nh4 Kh7 26.Nf5 Rf7 27.Kh1 Bf8 28.Re6 {#r} 1-0

[Event "Ch Russia (juniors) (under 16)"]
[Site "masterchessopen.com - Dagomys (Russia)"]
[Round "6"]
[White "Nikolaev Evgeny (RUS)"]
[Black "Shorokhov Sergei (RUS)"]
[Result "1-0"]
[WhiteElo "2283"]
[BlackElo "1944"]

1.d4 f5 2.c4 Nf6 3.g3 g6 4.Bg2 Bg7 5.Nf3 d6 6.O-O O-O 7.Nc3 c6 8.d5 e5 9.dxe6
Bxe6 10.b3 d5 11.Ng5 Bf7 12.Ba3 Ne4 13.Ngxe4 fxe4 14.Bxf8 Kxf8 15.Rc1 Qa5
16.Qd2 Bxc3 17.Qxc3 Qxc3 18.Rxc3 Na6 19.cxd5 cxd5 20.e3 Be8 21.f3 exf3 22.Bxf3
Ke7 23.Bxd5 Rb8 24.Rc4 Kd6 25.Rd1 Ke7 26.Re4+ {#r} 1-0

[Event "Ch Russia (juniors) (under 16) (g)"]
[Site "masterchessopen.com - Dagomys (Russia)"]
[Round "5"]
[White "Golubova Diana (RUS)"]
[Black "Shipilova Olga (RUS)"]
[Result "0-1"]
[WhiteElo "1816"]
[BlackElo "1891"]

1.d4 f5 2.g3 Nf6 3.Bg2 g6 4.Nf3 d6 5.c4 c6 6.O-O Bg7 7.Nc3 O-O 8.d5 e5 9.e3 c5
10.Qb3 h6 11.Ne2 g5 12.a3 Nbd7 13.Qc2 e4 14.Ne1 Qe8 15.Rb1 Ne5 16.b4 b6 17.Bb2
Nfg4 18.bxc5 bxc5 19.Bc3 Ba6 20.h3 Qh5 21.Rb5 Bxb5 22.cxb5 Rab8 23.a4 Rbe8
24.Qb3 Nxe3 25.g4 N3xg4 26.Ng3 Qh4 27.a5 Nxf2 28.Rxf2 Qxg3 29.b6 axb6 30.axb6
Nd7 {#R} 0-1

[Event "It (open)"]
[Site "masterchessopen.com - Deizisau (Germany)"]
[Round "1"]
[White "Nabavi Parwis (SUI)"]
[Black "Pavasovic Dusko (SLO)"]
[Result "0-1"]
[WhiteElo "2207"]
[BlackElo "2575"]

1.d4 f5 2.Nf3 Nf6 3.g3 g6 4.Bg2 Bg7 5.O-O O-O 6.c4 d6 7.Nc3 c6 8.b3 Qa5 9.Bb2
e5 10.dxe5 dxe5 11.Qc2 e4 12.Nd4 c5 13.Ndb5 Nc6 14.Na4 a6 15.Bc3 Nb4 16.Bxb4
cxb4 17.Nd6 b5 18.Nb2 Be6 19.f3 Qc7 20.Rad1 Rad8 21.c5 Nd5 22.Rc1 Ne3 23.Qb1
Bd4 24.Rfe1 Qg7 {#R} 0-1

[Event "It (open)"]
[Site "masterchessopen.com - Vienna (Austria)"]
[Date "2006.07.30"]
[Round "2"]
[White "Rogetzer Klaus (AUT)"]
[Black "Hirsch Andreas (AUT)"]
[Result "1-0"]
[WhiteElo "2116"]
[BlackElo "2098"]

1.d4 f5 2.g3 Nf6 3.Bg2 g6 4.Nf3 Bg7 5.O-O O-O 6.c4 d6 7.Nc3 c6 8.Qc2 Na6 9.Rb1
Qe8 10.b4 h6 11.b5 Nc7 12.bxc6 bxc6 13.Ba3 g5 14.c5 d5 15.Ne5 Ng4 16.Nxg4 fxg4
17.e4 Ne6 18.Ne2 Rf3 19.Qa4 dxe4 20.d5 Rxa3 21.Qxa3 cxd5 22.Rfd1 Qc6 23.Qb3
Ba6 24.Rxd5 Bxe2 25.Bxe4 Qa6 26.Rd6 Qc4 27.Rxe6 Rf8 28.Bd5 Qxb3 29.Rxb3 Bf3
30.Bc4 Kh8 31.c6 {#r} 1-0

[Event "Memorial Kochan"]
[Site "masterchessopen.com - Koszalin (Poland)"]
[Date "2006.08.06"]
[Round "3"]
[White "Lisinski Henryk (POL)"]
[Black "Skrzypczak Anna (POL)"]
[Result "0-1"]
[WhiteElo "2024"]
[BlackElo "1989"]

1.d4 f5 2.g3 Nf6 3.Bg2 g6 4.c4 Bg7 5.Nf3 O-O 6.O-O d6 7.Nc3 c6 8.d5 e5 9.dxe6
Bxe6 10.Qd3 Na6 11.Ng5 Qe7 12.Na4 Ng4 13.f4 h6 14.Nxe6 Qxe6 15.Bd2 Rfe8 16.Bf3
Ne3 17.Rfc1 g5 18.Kf2 gxf4 19.gxf4 Ng4+ 20.Bxg4 fxg4 21.Rg1 b5 22.cxb5 cxb5
23.e3 d5 24.Qxb5 h5 25.Qd3 d4 26.Qb3 Qxb3 27.axb3 Rab8 28.h3 Rxb3 29.Ra3 dxe3+
30.Bxe3 Rexe3 31.Rxb3 Rxb3 32.hxg4 Bd4+ {#R} 0-1

[Event "Ch NATO"]
[Site "masterchessopen.com - Berkshire "]
[Date "2006.08.21"]
[Round "1"]
[White "Bucholtz Robert (USA)"]
[Black "Sorbe Stephane (FRA)"]
[Result "0-1"]
[WhiteElo "2106"]
[BlackElo "2323"]

1.Nf3 f5 2.d4 Nf6 3.c4 g6 4.Nc3 Bg7 5.g3 d6 6.Bg2 O-O 7.O-O c6 8.Qc2 Qc7 9.Qb3
Kh8 10.d5 e5 11.dxe6 Bxe6 12.Rd1 Nbd7 13.Ng5 Bg8 14.Qa3 Ne5 15.Qxd6 Qxd6
16.Rxd6 Nxc4 17.Rd1 Rad8 18.Rxd8 Rxd8 19.Kf1 Ng4 20.f3 Bxc3 21.fxg4 Rd1+
22.Kf2 Be1+ 23.Kf3 Bd2 24.Bxd2 Nxd2+ 25.Ke3 Nc4+ {#R} 0-1

[Event "It (open)"]
[Site "masterchessopen.com - Ceska Trebova (Czech Republic)"]
[Date "2006.08.29"]
[Round "5"]
[White "Kyselka Daniel (CZE)"]
[Black "Palla Stanislav (CZE)"]
[Result "1-0"]
[WhiteElo "1830"]
[BlackElo "1800"]

1.Nf3 f5 2.g3 Nf6 3.Bg2 g6 4.O-O Bg7 5.d4 c6 6.c4 O-O 7.Nc3 d6 8.Qb3 Na6 9.Rd1
Nc7 10.Bf4 h6 11.c5+ d5 12.a4 g5 13.Bd2 Ne4 14.Ne5 Nxd2 15.Rxd2 Bxe5 16.dxe5
Kg7 17.e4 fxe4 18.Nxe4 Ne6 19.Bh3 Qc7 20.Bxe6 Bxe6 21.f4 gxf4 22.gxf4 Rxf4
23.Rg2+ Rg4 24.Rxg4+ Bxg4 25.Qg3 Kh8 26.Qf4 e6 27.Qxh6+ {#r} 1-0